What money can't buy: wealth, inequality, and economic satisfaction in the rentier state (Record no. 510405)

000 -LEADER
fixed length control field 01921nam a2200169 4500
008 - FIXED-LENGTH DATA ELEMENTS--GENERAL INFORMATION
fixed length control field 190816b ||||| |||| 00| 0 eng d
100 ## - MAIN ENTRY--PERSONAL NAME
Personal name Mitchell, Jocelyn Sage
245 ## - TITLE STATEMENT
Title What money can't buy: wealth, inequality, and economic satisfaction in the rentier state
260 ## - PUBLICATION, DISTRIBUTION, ETC. (IMPRINT)
Date of publication, distribution, etc 2019
300 ## - PHYSICAL DESCRIPTION
Extent p.75-89.
520 ## - SUMMARY, ETC.
Summary, etc How do perceived inequalities in allocation impact citizen satisfaction with state-distributed benefits in rentier societies? Resource-rich rentier regimes are widely theorized to maintain the economic and political satisfaction of subjects through wealth distribution. Yet, while qualitative research in the rentier states of the Arabian Peninsula has identified unequal distribution as a source of discontent, the relative importance of objective versus subjective factors in shaping satisfaction at the individual level has never been systematically evaluated. Here we assess the impacts of inequality on the nexus between wealth and satisfaction among citizens of the richest rentier regime in the world: the state of Qatar. Using original, nationally representative survey data, we test the effects of two separate mechanisms of unequal distribution previously identified in the literature: group-based discrimination, and variation in individual access owing to informal influence. Results show that perceptions of both group- and individual-based inequality dampen satisfaction with state-distributed benefits, irrespective of objective socioeconomic well-being. The findings demonstrate that even in the most affluent of rentier states, economic satisfaction derives not only from absolute quantities of benefits but also from subjective impressions of fairness in the distribution process. - Reproduced.
650 ## - SUBJECT ADDED ENTRY--TOPICAL TERM
Topical term or geographic name as entry element Authoritarianism
9 (RLIN) 8352
700 ## - ADDED ENTRY--PERSONAL NAME
Personal name Gengler, Justin J.
9 (RLIN) 8353
773 ## - HOST ITEM ENTRY
Main entry heading Political Research Quarterly
906 ## - LOCAL DATA ELEMENT F, LDF (RLIN)
Subject DIP Income distribution
942 ## - ADDED ENTRY ELEMENTS (KOHA)
Source of classification or shelving scheme
Item type Articles
Holdings
Withdrawn status Lost status Source of classification or shelving scheme Damaged status Not for loan Permanent location Current location Date acquired Serial Enumeration / chronology Barcode Date last seen Koha item type
          Indian Institute of Public Administration Indian Institute of Public Administration 2019-08-16 72(1), Mar, 2019: p.75-89. AR120291 2019-08-16 Articles

Powered by Koha